| 000 | 00415nam a2200145 a 4500 | ||
|---|---|---|---|
| 001 | 000036771 | ||
| 005 | 20200930075927.0 | ||
| 008 | 120131s19uu dr 000 0 spa d | ||
| 040 |
_aDO-SdBNP _bspa _cBNPHU |
||
| 082 |
_axxxx _bR696p |
||
| 100 | 1 |
_aRodrÃguez, H. Fersola _958762 |
|
| 245 | 1 | 0 |
_aPoemas de juventud / _cH. Fersola RodrÃguez. |
| 260 |
_aSanto Domingo : _b[s.n.], _c[19uu]? |
||
| 300 |
_a[24 p.] ; _c22 cm. |
||
| 999 |
_c36262 _d36262 |
||